00711nam a22001937a 4500010002700000020002600027020002300053035002400076037001300100082001500113100002700128245009700155260004600252270006600298300003700364500005000401650003800451650002800489 aENG-112110 ENG-137210 a9780199454136c895.00 a0199454132c895.00 aEN-95642 EN-120742 bDBAD/PUB a320.850954 aSivaramakrishnan, K.C. aGovernance of megacities: bfractured thinking, fragmented setup /cby K.C. Sivaramakrishnan aNew DelhibOxford University Press c2015 aYMCA Library Building, 1, Jai Singh Road, bNew Delhie110001 axli,326p. :c23cm(Hb)bill.,maps aIncludes bibliographical references and index a Metropolitan government zIndia. a City planning zIndia.